000 01143cab a2200301 4500
001 ABS44202
008 090401t1991 xxu||||| |||| 00| 0 eng d
035 _a(Sirsi) u45795
041 _aeng
100 _aCatt, R.
245 _aTurn that noise down
260 _c1991
350 _a0
490 _aMortgage Finance
_vMarch 1991, 60-61 (2)
520 _aOffers advice on reducing noise level in residential property in the light of recent publications Rosehaugh `s " Buildings and health " and McMullen` `s " Noise control in buildings ". These are available on loan from the library. Layout , services doors , windows and floors are the main items considered.
650 _aBRE DEFECT ACTION SHEET 45
650 _aBRE DIGEST 143
650 _aBRE DIGEST 333
650 _aEnvironment
_96238
650 _aNOISE AT WORK REGULATIONS
650 _aPLASTERBOARD PARTITIONS
650 _aSOUND INSULATION
650 _aENVIRONMENT WHITE PAPER 1990
650 _aBUILT ENVIRONMENT-BUILDING ELEMENTS-COMPLETE BUILDING ELEMENTS-WALLS
690 _aBUILT ENVIRONMENT-CONSTRUCTION DESIGN
942 _n0
948 _c04/03/1997
999 _c28975
_d28975